Istropolitana 92

Bibliographic Details
Main Author: Jassingerová, Nina (Author)
Format: Article
Language:Slovak
PhysicalDescription:Fot. 5.
Subjects:

MARC

LEADER 00000nab a2200000 a 4500
001 vtls000471180
003 SK-MaSNL
005 20260303001438.0
008 120926c1992 xo 0 slo
015 |a SNBRB19rr/mm-uuuuu 
035 |a CL0471313 
040 |a SNKBUCL  |b slo  |c SNKBUCL  |e AACR2 
041 0 |a slo 
044 |a xo  |c SK 
080 |a 792.091.4:378  |2 1981 
080 |a 378  |2 1981 
100 1 |a Jassingerová, Nina  |4 aut  |9 463003 
245 1 0 |a Istropolitana 92  |c Nina Jassingerová 
300 |b Fot. 5. 
650 0 7 |a Projekt Istropolitana 1992, Bratislava (festival VŠ divadelných)  |2 snkbucl  |9 973786 
651 7 |a 5100  |2 snkbucl  |9 166206 
655 7 |a články z novín a časopisov  |2 snkbucl  |9 267496 
773 0 |t Profil  |g Roč. 2, č. 16-17 (1992), s. 10-11 
850 |a Slovenská národná knižnica v Martine  |a MTA001 
852 |a SNK  |b KIS3GCP 
958 |a RK 
992 |a RBX 
999 |c 1563513  |d 1565443